000 00534nam a22001937a 4500
003 KOHA_MİRAKIL
005 20251221171011.0
008 251221b tu ||||| |||| 00| 0 tur d
020 _a9789750807359
040 _aTR-AnABB
_btur
_cTR-AnABB
041 _atur
082 _a297.07
_bULK 2009
100 1 _aÜlken, Hilmi Ziya,
245 1 0 _aTürk tefekkürü tarihi /
_cHilmi Ziya Ülken
260 _aİstanbul :
_bYapı Kredi Yayınları,
_c2023
300 _a354 sayfa ;
_c22 cm
650 0 4 _aTarih
942 _2ddc
_cBK
999 _c9881
_d9881
900 _bGizem YORULMAZ